| 000 | 00733cam a22002291 4500 | ||
|---|---|---|---|
| 001 | rc 01000690 | ||
| 003 | DLC | ||
| 005 | 20260227111900.0 | ||
| 007 | cr_||||||||||| | ||
| 008 | 890614s1872 caub 000 0 eng | ||
| 010 | _arc 01000690 | ||
| 035 | _a(OCoLC)19870099 | ||
| 040 |
_aDLC _cCU-BANC _dDLC |
||
| 042 | _apremarc | ||
| 050 | 0 | 0 |
_aF869.S33 _bH2 |
| 245 | 0 | 0 | _aHare's guide to San José and vicinity, for tourists and new settlers ... |
| 260 |
_aSan José, _bG.H. Hare, _c1872. |
||
| 300 |
_a85 p. _bfold. maps. _c16mo |
||
| 530 | _aAlso available in digital form on the Internet Archive Web site. | ||
| 651 | 0 |
_aSan Jose (Calif.) _xDescription and travel. |
|
| 856 | 4 | 1 | _uhttp://hdl.loc.gov/loc.gdc/scd0001.00171699290 |
| 999 |
_c51868 _d51868 |
||